000
00333nam a2200121Ia 4500
008
180117s9999 xx 000 0 und d
100
_a
by Jay Michael Jaboneta
245
_a
Imagineering the future of Education
260
_c
2017
300
_a
24-26 pages, 2017 September 24
440
_a
Philippine Panorama
650
_a
EDUCATION
999
_c
353289
_d
353289